Roland Garros en images - Statistiques

Statistiques générales
  • Ce quiz a été pris 294 fois
  • Le résultat moyen est 13 sur 18
Statistiques - réponses
Par images Hint Réponse % Correct
Tétradécuple vainqueur Rafael Nadal
99%
Surface Terre battue
98%
Parrain historique BNP Paribas
97%
Sponsor historique Peugeot
92%
Vainqueur 1983 Yannick Noah
91%
Rencontre Finale simple hommes Alcaraz-Sinner 2025
88%
Court Philippe-Chatrier
88%
Rôle Juge de ligne
78%
Commentateur Nelson Monfort
74%
Court Suzanne-Lenglen
73%
Porte parisienne Porte d'{Auteuil}
72%
Directrice Amélie Mauresmo
69%
Organisateur Fédération française de tennis
59%
Trophée Coupe des {Mousquetaires}
58%
Quadruple vainqueure Justine Henin
58%
Double vainqueur en 2018 et 2021 Mahut-Herbert
48%
Type d'évènement Night session
42%
Film Cinquième Set
13%
Aucun quiz correspondant
Distribution des résultats
% des personnes avec chaque résultat
Percentile par nombre de réponses
Votre historique - résultats
Vous n’avez pas pris ce quiz